Oeuvres romanesques suivies de Dialogues des carmélites d'après une nouvelle de Gertrud von Le Fort et un scénario du R. P. Bruckberger et de Ph. Agostini / (Record no. 17063)

MARC details
000 -LEADER
campo de control de longitud fija 01231nam a2200265 i 4500
001 - NÚMERO DE CONTROL
campo de control 17063
003 - IDENTIFICADOR DE NÚMERO DE CONTROL
campo de control ES-MaACL
005 - FECHA Y HORA DE LA ÚLTIMA TRANSACCIÓN
campo de control 20230906151508.0
007 - CAMPO FIJO DE DESCRIPCIÓN FÍSICA--INFORMACIÓN GENERAL
campo de control de longitud fija t|
008 - DATOS DE LONGITUD FIJA--INFORMACIÓN GENERAL
campo de control de longitud fija 001218s1992 fr ||||1| fre d
020 ## - NÚMERO INTERNACIONAL ESTÁNDAR DEL LIBRO
Número Internacional Estándar del Libro 2-07-010067-7
080 ## - NÚMERO DE LA CLASIFICACIÓN DECIMAL UNIVERSAL
Número de la Clasificación Decimal Universal 821.133.1-31"19"
100 1# - ENTRADA PRINCIPAL--NOMBRE DE PERSONA
Nombre de persona Bernanos, Georges.
9 (RLIN) 28225
245 10 - MENCIÓN DEL TÍTULO
Título Oeuvres romanesques suivies de Dialogues des carmélites d'après une nouvelle de Gertrud von Le Fort et un scénario du R. P. Bruckberger et de Ph. Agostini /
Mención de responsabilidad, etc. Bernanos ; préface par Gaëtan Picon ; texte et variantes établis par Albert Béguin ; notes par Michel Estève.
260 ## - PUBLICACIÓN, DISTRIBUCIÓN, ETC.
Lugar de publicación, distribución, etc. Paris :
Nombre del editor, distribuidor, etc. Gallimard,
Fecha de publicación, distribución, etc. [1992]
300 ## - DESCRIPCIÓN FÍSICA
Extensión LX, 1954 p. ;
Dimensiones 18 cm.
490 1# - MENCIÓN DE SERIE
Mención de serie Bibliothèque de la Pléiade
505 8# - NOTA DE CONTENIDO CON FORMATO
Nota de contenido con formato Contiene: Madame Dargent ; Une nuit ; Dialogue d'ombres ; Sous le soleil de Satan ; L'imposture ; La joie ; Un crime ; Un mauvais rêve ; Journal d'un curé de campagne ; Nouvelle histoire de mouchette ; Monsieur Ouine et Dialogue des carmélites.
700 1# - ENTRADA AGREGADA--NOMBRE PERSONAL
Nombre de persona Picon, Gaëtan.
9 (RLIN) 91874
700 1# - ENTRADA AGREGADA--NOMBRE PERSONAL
Nombre de persona Béguin, Albert.
9 (RLIN) 27040
700 1# - ENTRADA AGREGADA--NOMBRE PERSONAL
Nombre de persona Estève, Michel.
9 (RLIN) 48137
830 0# - PUNTO DE ACCESO ADICIONAL DE SERIE-TÍTULO UNIFORME
Título uniforme Bibliothèque de la Pléiade
9 (RLIN) 180233
852 ## - LOCALIZACIÓN
Ubicación ES-MaACL
Número de control de estantería L-24073
Sublocalización o colección R.129916
Holdings
Estatus retirado Estado de pérdida Estado de daño No para préstamo Biblioteca de origen Biblioteca actual Ubicación en estantería Fecha de adquisición Fuente de adquisición Total de préstamos Signatura topográfica completa Código de barras Visto por última vez Precio de reemplazo Tipo de ítem Koha
        Biblioteca del Ateneo de Madrid Biblioteca del Ateneo de Madrid Depósito 2 17/01/2008     L-24073 1017408 23/02/2023 23/02/2023 Libro impreso